History of Indian Air Force/ (Record no. 172822)

MARC details
000 -LEADER
fixed length control field 00620nam a22002057a 4500
005 - DATE AND TIME OF LATEST TRANSACTION
control field 20200213124756.0
010 ## - LCCN (DPL NO)
LC control number ENG-127832
020 ## - INTERNATIONAL STANDARD BOOK NUMBER
Terms of availability 895.00
International Standard Book Number 9788194006626
035 ## - SYSTEM CONTROL NUMBER
System control number EN-111364
037 ## - SOURCE OF ACQUISITION
Source of stock number/acquisition DBAD/PUB
082 ## - DEWEY DECIMAL CLASSIFICATION NUMBER
Classification number 358.400954
100 ## - MAIN ENTRY--PERSONAL NAME
Personal name Shahi,R.C
245 ## - TITLE STATEMENT
Title History of Indian Air Force/
Statement of responsibility, etc by R.C.Shahi
250 ## - EDITION STATEMENT
Edition statement 1st
260 ## - PUBLICATION, DISTRIBUTION, ETC. (IMPRINT)
Name of publisher, distributor, etc Akashdeep publications
Place of publication, distribution, etc New Delhi
Date of publication, distribution, etc 2019
270 ## - ADDRESS
Address 1/1079E,Mehrauli
300 ## - PHYSICAL DESCRIPTION
Extent 224p.
Dimensions 22cm(hb)
500 ## - GENERAL NOTE
General note includes index.
942 ## - ADDED ENTRY ELEMENTS (KOHA)
Source of classification or shelving scheme Dewey Decimal Classification
Item type English Books
Classification part 358.400954
Call number suffix SHA
Holdings
Withdrawn status Lost status Not for loan Collection code Home library Current library Date acquired Source of acquisition Cost, normal purchase price Full call number Barcode Copy number Cost, replacement price Koha item type
    Not For Loan Non-fiction Central Library Central Library 13/02/2020 DBAD/PUB 895.00 358.400954 SHA EN-111364 1 895.00 English Books

© Delhi Public Library
Hit Counter
free hit counter